Google Letters: Continents - Statistics

General Stats
  • This quiz has been taken 508 times
  • The average score is 6 of 6
Answer Stats
Continent # of Letters % Correct
Asia 4
100%
North America 6
100%
Africa 3
99%
Europe 5
99%
Oceania 6
99%
South America 6
98%
No matching quizzes found
Score Distribution
Percent of People with Each Score
Percentile by Number Answered
Your Score History
You have not taken this quiz